La medida del universo: la histórica búsqueda de maneras para cuantificar el espacio
Αποθηκεύτηκε σε:
| Κύριος συγγραφέας: | |
|---|---|
| Μορφή: | Βιβλίο |
| Γλώσσα: | Ισπανικά |
| Έκδοση: |
Barcelona
Robinbook
2000
|
| Θέματα: | |
| Ετικέτες: |
Προσθήκη ετικέτας
Δεν υπάρχουν, Καταχωρήστε ετικέτα πρώτοι!
|
MARC
| LEADER | 00000nam a2200000 a 4500 | ||
|---|---|---|---|
| 001 | UCM6407 | ||
| 003 | CL-VaPUC | ||
| 008 | 021108e20000000SP |||||||||||||||||spa|d | ||
| 082 | 0 | 4 | |a 523.1 |b FER |2 21 |
| 100 | 0 | |a Ferguson, Kitty |e author |9 472250 | |
| 245 | 1 | 3 | |a La medida del universo: la histórica búsqueda de maneras para cuantificar el espacio |
| 300 | |a 299 p | ||
| 942 | |c BK | ||
| 945 | |d 20021108 00:00:00 |a cmena | ||
| 260 | |a Barcelona |b Robinbook |c 2000 | ||
| 650 | 0 | |a Cosmología |9 269138 | |
| 650 | 0 | |a Investigación científica |9 259857 | |
| 650 | 0 | |a Historia de las ciencias |9 264975 | |
| 650 | 0 | |a Universo |9 266563 | |
| 583 | |a last modification |c 20160914 10:31:02 |k Rodrigo Vera | ||
| 999 | |c 301813 |d 301811 | ||
| 952 | |0 0 |1 0 |4 0 |6 523_100000000000000_FER_2000 |7 0 |8 A |9 361471 |a BIBCUR |b BIBCUR |d 2019-11-21 |i 382327K |o 523.1 FER 2000 |p 382327K |r 2025-04-22 |w 2019-11-21 |y BK |k FIS | ||